00704nam a2200193Ia 4500952014000000999001500140003000400155005001700159008004100176020001800217040000900235082002200244100002600266245009500292260005300387300000900440650001100449942005000460 00102ddc40708BOTANYaMESbMEScBOTANYd2019-02-20g2485.00l0o631.520954 KUM/Rp37686r2019-02-20 00:00:00w2019-02-20yBKzGL19R5 c1866d1866OSt20201001092753.0190216s9999||||xx |||||||||||||| ||und|| a9788189866099 coclc a631.520954bKUM/R a Kumar, Ashwani95026 0aRecent Advances In Plant Biotechnology And Its Applications /cAshwani Kumar ; S K Sopory bI.K.International Publishers,c2008.aNew Delhi: a694p aBotany cBK2ddch631.520954iKUM/Rk631.520954mKUM/R